| 000 | 00467nam a2200181Ia 4500 | ||
|---|---|---|---|
| 001 | 9380 | ||
| 005 | 20260306161714.0 | ||
| 008 | 260306t2002||||xx |||||||||||||| ||spa|| | ||
| 041 | _aESP | ||
| 082 |
_a378.17 _bQ61 |
||
| 100 |
_aQuintana Ávila, Virginia _eAUT |
||
| 245 | 0 |
_aEstudio universitario : _by elementos de investigación científica |
|
| 260 | _c2002 | ||
| 300 |
_a293 páginas : _c21 cm. |
||
| 650 | _aGEN | ||
| 654 | _aCED | ||
| 942 |
_cLIB _dJUS _fJUS _2ddc _n |
||
| 999 |
_c9380 _d9380 |
||